[Event "Caribbean-ch (Women)"]
[Site "Carolina"]
[Date "2023.10.26"]
[Round "3"]
[White "Rondon Chacon, Yolys Desiree"]
[Black "Mazariegos, Silvia Carolina"]
[Result "1/2-1/2"]
[WhiteElo "1687"]
[BlackElo "1815"]
[PlyCount "39"]
[EventDate "2023.10.25"]
[EventType "swiss"]
[EventRounds "9"]
[EventCountry "PUR"]
[SourceTitle "CB48_2023"]
[SourceDate "2023.11.29"]
[SourceVersion "1"]
[SourceVersionDate "2023.11.29"]
[SourceQuality "1"]

1. d4 f5 2. Nf3 Nf6 3. g3 e6 4. Bg2 d5 5. 0-0 Bd6 6. c4 c6 7. b3 Qe7 8. c5 Bc7 9. Nc3 Nbd7 10. b4 Ne4 11. Bb2 0-0 12. Nxe4 fxe4 13. Ne5 Nxe5 14. dxe5 Qg5 15. f4 Qe7 16. e3 b6 17. Bd4 Bd7 18. Rf2 Rfb8 19. a3 b5 20. Qf1 1/2-1/2

[Event "Olympiad Women-44"]
[Site "Chennai"]
[Date "2022.08.07"]
[Round "9.1"]
[White "Felix, Tobi"]
[Black "Mazariegos, Silvia Carolina"]
[Result "1/2-1/2"]
[WhiteElo "1460"]
[BlackElo "1851"]
[PlyCount "56"]
[EventDate "2022.07.29"]
[EventType "team-swiss"]
[EventRounds "11"]
[EventCountry "IND"]
[SourceTitle "CBM 210"]
[Source "ChessBase"]
[SourceDate "2022.10.31"]
[SourceVersion "1"]
[SourceVersionDate "2022.10.31"]
[SourceQuality "1"]
[WhiteTeam "Ghana (W)"]
[BlackTeam "Guatemala (W)"]
[WhiteTeamCountry "GHA"]
[BlackTeamCountry "GUA"]

1. d4 f5 2. Bf4 Nf6 3. e3 e6 4. Nf3 g6 5. Be2 Bg7 6. Nbd2 0-0 7. h3 d6 8. c3 Qe7 9. Qc2 Nbd7 10. 0-0 c6 11. e4 e5 12. dxe5 dxe5 13. Bg5 h6 14. Bxf6 Nxf6 15. Nh4 Nxe4 16. Nxg6 Qg5 17. Nxf8 Nxd2 18. Rfd1 Bxf8 19. Qxd2 Qg7 20. Qd3 Bc5 21. Qd8+ Kh7 22. Qh4 Be6 23. Kf1 Rg8 24. g3 Be7 25. Qa4 Bc5 26. Qh4 Be7 27. Qa4 Bc5 28. Qh4 Be7 1/2-1/2

[Event "Olympiad Women-44"]
[Site "Chennai"]
[Date "2022.08.01"]
[Round "4.1"]
[White "Mazariegos, Silvia Carolina"]
[Black "Jambo, Linda"]
[Result "1-0"]
[WhiteElo "1851"]
[BlackElo "1426"]
[PlyCount "71"]
[EventDate "2022.07.29"]
[EventType "team-swiss"]
[EventRounds "11"]
[EventCountry "IND"]
[SourceTitle "CBM 210"]
[Source "ChessBase"]
[SourceDate "2022.10.31"]
[SourceVersion "1"]
[SourceVersionDate "2022.10.31"]
[SourceQuality "1"]
[WhiteTeam "Guatemala (W)"]
[BlackTeam "Malawi (W)"]
[WhiteTeamCountry "GUA"]
[BlackTeamCountry "MWI"]

1. d4 d5 2. e3 Nf6 3. Bd3 e6 4. Nd2 Be7 5. c3 0-0 6. Qe2 b6 7. f4 a5 8. Ngf3 Ba6 9. 0-0 Bxd3 10. Qxd3 Nbd7 11. Ne5 Nxe5 12. fxe5 Nd7 13. Nf3 h6 14. e4 c6 15. Be3 b5 16. exd5 exd5 17. Qf5 Qc8 18. Qh5 Nb6 19. Rae1 Qe6 20. Bc1 Rae8 21. Nh4 Bxh4 22. Qxh4 Nd7 23. Re3 Qe7 24. Qh5 Qe6 25. Rg3 Kh7 26. Re3 Qg6 27. Qe2 a4 28. Rg3 Qe6 29. Re3 Qg6 30. h4 Re6 31. h5 Qg5 32. b3 axb3 33. axb3 Qd8 34. Rg3 f6 35. Qg4 Rg8 36. Qxe6 1-0

[Event "Online Olym Div2 E"]
[Site "Chess.com INT"]
[Date "2021.09.03"]
[Round "6.3"]
[White "Mazariegos, Silvia Carolina"]
[Black "Vargas, Gabriela"]
[Result "0-1"]
[WhiteElo "1933"]
[BlackElo "2152"]
[PlyCount "78"]
[EventDate "2021.09.02"]
[EventType "team (rapid)"]
[EventRounds "9"]
[EventCountry "USA"]
[SourceTitle "CBM 204 Extra"]
[Source "ChessBase"]
[SourceDate "2021.11.30"]
[SourceVersion "1"]
[SourceVersionDate "2021.11.30"]
[SourceQuality "1"]
[WhiteTeam "Guatemala"]
[BlackTeam "Paraguay"]
[WhiteTeamCountry "GUA"]
[BlackTeamCountry "PAR"]

1. f4 d5 2. Nf3 Nf6 3. e3 c5 4. d3 Nc6 5. Nc3 Bf5 6. g3 e6 7. Bg2 Be7 8. 0-0 0-0 9. a3 h6 10. h3 Qc7 11. Ne2 Rfd8 12. c3 c4 13. d4 Ne4 14. Ne5 f6 15. Nxc6 Qxc6 16. g4 Bh7 17. Qe1 b5 18. h4 a5 19. Bxe4 Bxe4 20. Ng3 Bd3 21. Rf2 b4 22. a4 bxc3 23. bxc3 Rab8 24. f5 Rb3 25. Rfa2 Rdb8 26. Kh2 Bd6 27. Kh3 Bxg3 28. Qxg3 exf5 29. gxf5 Bxf5+ 30. Kh2 Be4 31. Ba3 Rb1 32. Bb4 Rb7 33. Rxb1 Bxb1 34. Rb2 Be4 35. Ba3 Rxb2+ 36. Bxb2 Qxa4 37. Qb8+ Kh7 38. Qg3 Qc2+ 39. Kh3 Bf5+ 0-1

[Event "Olympiad Women-43"]
[Site "Batumi"]
[Date "2018.09.26"]
[Round "3.38"]
[White "Mazariegos, Silvia Carolina"]
[Black "De Silva, Tenara"]
[Result "1/2-1/2"]
[WhiteElo "1922"]
[BlackElo "1764"]
[PlyCount "81"]
[EventDate "2018.09.24"]
[EventType "team-swiss"]
[EventRounds "11"]
[EventCountry "GEO"]
[SourceTitle "EXT 2020"]
[Source "ChessBase"]
[SourceDate "2019.10.17"]
[SourceVersion "1"]
[SourceVersionDate "2019.10.17"]
[SourceQuality "1"]
[WhiteTeam "Guatemala (W)"]
[BlackTeam "Sri Lanka (W)"]
[WhiteTeamCountry "GUA"]
[BlackTeamCountry "SRI"]

1. d4 Nf6 2. Nf3 g6 3. Bf4 Bg7 4. e3 d6 5. h3 0-0 6. Bd3 c5 7. c3 Qb6 8. Qb3 Be6 9. Qa3 cxd4 10. exd4 Bd5 11. Nbd2 Bxf3 12. Nxf3 e5 13. dxe5 Nd5 14. Bd2 dxe5 15. 0-0 Nc6 16. Rad1 Qc7 17. Rfe1 Rae8 18. Bc1 Nb6 19. Be3 Rd8 20. Bb5 Rxd1 21. Rxd1 a6 22. Bxc6 Nc4 23. Qc5 Nxe3 24. fxe3 Qxc6 25. Qxc6 bxc6 26. Rd6 Rc8 27. Nd2 Kf8 28. Rd7 c5 29. Nc4 Rc6 30. Kf2 Ke8 31. Ra7 e4 32. a4 Bf8 33. Ke2 Bd6 34. a5 Bc7 35. Rb7 Kd8 36. Rb3 f5 37. Ra3 Ke7 38. Rb3 Kd8 39. Ra3 Ke7 40. Rb3 Kd8 41. Ra3 1/2-1/2

[Event "Capablanca Memorial op 50th"]
[Site "Havana"]
[Date "2015.06.17"]
[Round "3"]
[White "Zayas Gonzalez, Laura Amalia"]
[Black "Mazariegos, Silvia Carolina"]
[Result "1-0"]
[WhiteElo "2136"]
[BlackElo "1985"]
[PlyCount "89"]
[EventDate "2015.06.15"]
[EventType "swiss"]
[EventRounds "10"]
[EventCountry "CUB"]
[SourceTitle "EXT 2016"]
[Source "ChessBase"]
[SourceDate "2015.10.08"]
[SourceVersion "1"]
[SourceVersionDate "2015.10.08"]
[SourceQuality "1"]

1. e4 Nf6 2. e5 Nd5 3. d4 d6 4. Nf3 g6 5. c4 Nb6 6. exd6 cxd6 7. d5 Bg7 8. Be2 Bg4 9. 0-0 0-0 10. Na3 Na6 11. h3 Bd7 12. Nd4 Nc7 13. Be3 e6 14. dxe6 Nxe6 15. Nxe6 fxe6 16. Qxd6 Bxb2 17. Rab1 Qf6 18. Rxb2 Qxb2 19. Bg4 Qf6 20. c5 Nd5 21. Qxd7 Nxe3 22. Qxe6+ Qxe6 23. Bxe6+ Kg7 24. fxe3 Rxf1+ 25. Kxf1 Re8 26. Bd5 Rxe3 27. Nb5 Re5 28. Nc3 Kf8 29. a4 Ke7 30. Kf2 Kd7 31. Kf3 a6 32. Kf4 Rf5+ 33. Ke4 Kc7 34. Kd4 b6 35. c6 Rf2 36. Bf3 g5 37. Ke5 Rb2 38. Kf5 Rb3 39. Ne2 Rb4 40. Ke5 Rxa4 41. Nd4 Ra5+ 42. Bd5 Ra1 43. Ne6+ Kc8 44. Kd6 b5 45. Nc5 1-0

[Event "Olympiad Women-41"]
[Site "Tromsoe"]
[Date "2014.08.14"]
[Round "11.2"]
[White "Ortiz, Rosa Daniela"]
[Black "Mazariegos, Silvia Carolina"]
[Result "0-1"]
[WhiteElo "1540"]
[BlackElo "2017"]
[PlyCount "72"]
[EventDate "2014.08.02"]
[EventType "team-swiss"]
[EventRounds "11"]
[EventCountry "NOR"]
[SourceTitle "CBM 162"]
[Source "ChessBase"]
[SourceDate "2014.09.17"]
[SourceVersion "1"]
[SourceVersionDate "2014.09.17"]
[SourceQuality "1"]
[WhiteTeam "Honduras (W)"]
[BlackTeam "Guatemala (W)"]
[WhiteTeamCountry "HON"]
[BlackTeamCountry "GUA"]

1. Nf3 Nc6 2. d4 d6 3. g3 g6 4. Bg2 Bg7 5. 0-0 Nf6 6. c4 0-0 7. Nc3 Na5 8. b3 c5 9. Bb2 Rb8 10. Rb1 Bf5 11. Ra1 a6 12. Re1 Nc6 13. d5 Ne5 14. Nxe5 dxe5 15. e4 Bd7 16. Ne2 Ne8 17. Rf1 Qc7 18. Qd2 h5 19. h4 Rd8 20. Qg5 Bf6 21. Qh6 Bg7 22. Qg5 b5 23. f4 Bf6 24. Bxe5 Qa5 25. Qh6 Qd2 26. Bxf6 Nxf6 27. Rfe1 Qe3+ 28. Kh1 Nxe4 29. Bxe4 Qxe4+ 30. Kg1 Qe3+ 31. Kg2 Qe4+ 32. Kg1 Bg4 33. Nc3 Qd4+ 34. Kh2 Qxc3 35. f5 Qb2+ 36. Kg1 Bh3 0-1

[Event "Olympiad Women-41"]
[Site "Tromsoe"]
[Date "2014.08.11"]
[Round "9.2"]
[White "Mazariegos, Silvia Carolina"]
[Black "Puuska, Heini"]
[Result "1/2-1/2"]
[WhiteElo "2017"]
[BlackElo "1975"]
[PlyCount "35"]
[EventDate "2014.08.02"]
[EventType "team-swiss"]
[EventRounds "11"]
[EventCountry "NOR"]
[SourceTitle "CBM 162"]
[Source "ChessBase"]
[SourceDate "2014.09.17"]
[SourceVersion "1"]
[SourceVersionDate "2014.09.17"]
[SourceQuality "1"]
[WhiteTeam "Guatemala (W)"]
[BlackTeam "Finland (W)"]
[WhiteTeamCountry "GUA"]
[BlackTeamCountry "FIN"]

1. d4 d5 2. e3 Nf6 3. Bd3 Bg4 4. Ne2 e6 5. f3 Bh5 6. c4 Be7 7. Nbc3 0-0 8. Qb3 dxc4 9. Bxc4 Nc6 10. Qxb7 Nb4 11. 0-0 a6 12. Ne4 c6 13. Nxf6+ gxf6 14. a3 Rb8 15. Qa7 Ra8 16. Qb7 Rb8 17. Qa7 Ra8 18. Qb7 1/2-1/2

[Event "Panama op 3rd"]
[Site "Panama City"]
[Date "2013.11.05"]
[Round "9"]
[White "Chen Austin, Felipe Gabriel"]
[Black "Mazariegos, Silvia Carolina"]
[Result "0-1"]
[WhiteElo "1807"]
[BlackElo "2042"]
[PlyCount "66"]
[EventDate "2013.10.30"]
[EventType "swiss"]
[EventRounds "9"]
[EventCountry "PAN"]
[SourceTitle "EXT 2014"]
[Source "ChessBase"]
[SourceDate "2013.11.20"]
[SourceVersion "1"]
[SourceVersionDate "2013.11.20"]
[SourceQuality "1"]

1. Nf3 d6 2. d4 Nf6 3. Bf4 c6 4. e3 Qc7 5. Be2 Nbd7 6. 0-0 e5 7. Bg3 Be7 8. h3 h6 9. c4 b6 10. Nc3 a5 11. a3 0-0 12. Qc2 Re8 13. b4 Bf8 14. Rfe1 g6 15. Bh2 Bb7 16. Bd3 Qd8 17. Bxg6 fxg6 18. Qxg6+ Bg7 19. dxe5 dxe5 20. Rad1 Qe7 21. Nh4 Nf8 22. Qb1 Bc8 23. Ne4 Nxe4 24. Qxe4 Be6 25. Nf3 axb4 26. axb4 Ra2 27. Qxc6 Rc8 28. Qxb6 Rxc4 29. Rb1 Bf5 30. Rb3 Be4 31. Qb5 Rcc2 32. Nxe5 Bxe5 33. Bxe5 Qf7 0-1

[Event "Olympiad Women-40"]
[Site "Istanbul"]
[Date "2012.09.09"]
[Round "11.1"]
[White "Zozulia, Anna"]
[Black "Mazariegos, Silvia Carolina"]
[Result "1-0"]
[WhiteElo "2346"]
[BlackElo "2062"]
[PlyCount "41"]
[EventDate "2012.08.28"]
[EventType "team-swiss"]
[EventRounds "11"]
[EventCountry "TUR"]
[SourceTitle "CBM 150 Extra"]
[Source "ChessBase"]
[SourceDate "2012.10.19"]
[SourceVersion "1"]
[SourceVersionDate "2012.10.19"]
[SourceQuality "1"]
[WhiteTeam "Belgium (W)"]
[BlackTeam "Guatemala (W)"]
[WhiteTeamCountry "BEL"]
[BlackTeamCountry "GUA"]

1. e4 e5 2. Nf3 Nc6 3. Nc3 Bc5 4. Bb5 a6 5. Ba4 Nf6 6. 0-0 0-0 7. Nxe5 Nxe5 8. d4 Bd6 9. f4 Nc6 10. e5 Be7 11. d5 Bc5+ 12. Kh1 Nxd5 13. Qxd5 Ba7 14. f5 Ne7 15. Qd3 b5 16. Bb3 b4 17. f6 bxc3 18. fxg7 Kxg7 19. Bg5 Qe8 20. Bf6+ Kg8 21. Qh3 1-0

[Event "Olympiad Women-40"]
[Site "Istanbul"]
[Date "2012.09.05"]
[Round "8.1"]
[White "Mazariegos, Silvia Carolina"]
[Black "Golubenko, Valentina"]
[Result "1/2-1/2"]
[WhiteElo "2062"]
[BlackElo "2297"]
[PlyCount "98"]
[EventDate "2012.08.28"]
[EventType "team-swiss"]
[EventRounds "11"]
[EventCountry "TUR"]
[SourceTitle "CBM 150 Extra"]
[Source "ChessBase"]
[SourceDate "2012.10.19"]
[SourceVersion "1"]
[SourceVersionDate "2012.10.19"]
[SourceQuality "1"]
[WhiteTeam "Guatemala (W)"]
[BlackTeam "Croatia (W)"]
[WhiteTeamCountry "GUA"]
[BlackTeamCountry "CRO"]

1. d4 c5 2. e3 Nf6 3. Bd3 g6 4. Nd2 cxd4 5. exd4 Bg7 6. c3 0-0 7. Ne4 Nxe4 8. Bxe4 d5 9. Bd3 Nc6 10. f4 e5 11. fxe5 f6 12. e6 Bxe6 13. Nf3 Qd7 14. 0-0 Rae8 15. Qc2 Rc8 16. Qf2 Ne7 17. Bf4 Bf5 18. Ne1 Be4 19. h3 g5 20. Bd2 h6 21. Be2 Ng6 22. Nd3 f5 23. Rfe1 b6 24. a4 f4 25. Bg4 Bf5 26. Bxf5 Qxf5 27. Qf1 f3 28. Qxf3 Qxf3 29. gxf3 Nh4 30. Re2 Rxf3 31. Re3 Rcf8 32. Rd1 Rxe3 33. Bxe3 Rf3 34. Bf2 Rxh3 35. Bxh4 Rxh4 36. Nb4 Rg4+ 37. Kh1 Kf7 38. Nxd5 Ke6 39. Nc7+ Kd7 40. Nb5 a6 41. Na3 h5 42. Rf1 Ke6 43. Nc4 b5 44. axb5 axb5 45. d5+ Ke7 46. d6+ Kd8 47. Nb6 Rh4+ 48. Kg2 Rg4+ 49. Kh1 Rh4+ 1/2-1/2

[Event "Olympiad Women-40"]
[Site "Istanbul"]
[Date "2012.09.04"]
[Round "7.1"]
[White "Roy, Ali"]
[Black "Mazariegos, Silvia Carolina"]
[Result "0-1"]
[WhiteElo "1836"]
[BlackElo "2062"]
[PlyCount "82"]
[EventDate "2012.08.28"]
[EventType "team-swiss"]
[EventRounds "11"]
[EventCountry "TUR"]
[SourceTitle "CBM 150 Extra"]
[Source "ChessBase"]
[SourceDate "2012.10.19"]
[SourceVersion "1"]
[SourceVersionDate "2012.10.19"]
[SourceQuality "1"]
[WhiteTeam "Scotland (W)"]
[BlackTeam "Guatemala (W)"]
[WhiteTeamCountry "SCO"]
[BlackTeamCountry "GUA"]

1. Nf3 f5 2. c4 Nf6 3. Nc3 e6 4. e3 d5 5. b3 c6 6. Bb2 Bd6 7. Be2 0-0 8. 0-0 Nbd7 9. d4 Ne4 10. Qc2 Qf6 11. Nd2 Qh6 12. f4 g5 13. g3 Ndf6 14. Ncxe4 fxe4 15. Rf2 Bd7 16. a4 Rf7 17. a5 gxf4 18. gxf4 Rg7+ 19. Rg2 Kf7 20. Nf1 Rxg2+ 21. Kxg2 Qg6+ 22. Kf2 Rg8 23. Ke1 Qg1 24. Kd2 Rg2 25. h3 Qf2 26. Re1 Be7 27. Bc3 Kg8 28. Kc1 Qh4 29. Qd1 Qxh3 30. b4 dxc4 31. Bxc4 Nd5 32. Qb3 Bh4 33. Rd1 Qf5 34. Be1 Bxe1 35. Rxe1 h5 36. Nd2 h4 37. Rh1 h3 38. Nf1 Qg4 39. Qd1 Qh4 40. Bxd5 exd5 41. Rh2 Qf2 0-1

[Event "Olympiad Women-40"]
[Site "Istanbul"]
[Date "2012.08.30"]
[Round "3.1"]
[White "Jalloul, Maya M"]
[Black "Mazariegos, Silvia Carolina"]
[Result "1-0"]
[WhiteElo "1923"]
[BlackElo "2062"]
[PlyCount "61"]
[EventDate "2012.08.28"]
[EventType "team-swiss"]
[EventRounds "11"]
[EventCountry "TUR"]
[SourceTitle "CBM 150 Extra"]
[Source "ChessBase"]
[SourceDate "2012.10.19"]
[SourceVersion "1"]
[SourceVersionDate "2012.10.19"]
[SourceQuality "1"]
[WhiteTeam "Lebanon (W)"]
[BlackTeam "Guatemala (W)"]
[WhiteTeamCountry "LBN"]
[BlackTeamCountry "GUA"]

1. c4 e5 2. g3 Nc6 3. Bg2 Nf6 4. Nc3 Be7 5. e3 d6 6. Nge2 h6 7. 0-0 Be6 8. Nd5 0-0 9. d3 Qd7 10. Rb1 Bh3 11. b4 Bxg2 12. Kxg2 a5 13. b5 Nd8 14. Nec3 b6 15. Ba3 Ne6 16. f4 exf4 17. gxf4 Rfe8 18. Rf3 Nh7 19. Nxe7+ Rxe7 20. Nd5 Ree8 21. Rg3 Rab8 22. Bb2 f5 23. Qh5 Qf7 24. Qxh6 Rbc8 25. Rg1 c6 26. bxc6 Rc7 27. Nxc7 Qxc7 28. Kf2 g5 29. Qg6+ Ng7 30. Bxg7 Qxg7 31. Qxe8+ 1-0

[Event "Olympiad Women-40"]
[Site "Istanbul"]
[Date "2012.08.28"]
[Round "1.1"]
[White "Khotenashvili, Bela"]
[Black "Mazariegos, Silvia Carolina"]
[Result "1-0"]
[WhiteElo "2509"]
[BlackElo "2062"]
[PlyCount "71"]
[EventDate "2012.08.28"]
[EventType "team-swiss"]
[EventRounds "11"]
[EventCountry "TUR"]
[SourceTitle "CBM 150 Extra"]
[Source "ChessBase"]
[SourceDate "2012.10.19"]
[SourceVersion "1"]
[SourceVersionDate "2012.10.19"]
[SourceQuality "1"]
[WhiteTeam "Georgia (W)"]
[BlackTeam "Guatemala (W)"]
[WhiteTeamCountry "GEO"]
[BlackTeamCountry "GUA"]

1. d4 d6 2. Nf3 Bg4 3. c4 Nc6 4. Nc3 Nf6 5. e3 e5 6. Be2 Be7 7. h3 Bf5 8. b4 exd4 9. exd4 0-0 10. b5 Nb8 11. Qb3 Nbd7 12. 0-0 h6 13. a4 Re8 14. Be3 Bf8 15. a5 Ne4 16. Nxe4 Bxe4 17. Nd2 Bg6 18. Bf3 Rb8 19. a6 b6 20. Bc6 Re7 21. Nb1 Be4 22. Nc3 Nf6 23. Rfe1 g5 24. Bxg5 Bxc6 25. Bxf6 Rxe1+ 26. Rxe1 Qxf6 27. bxc6 Qxd4 28. Re4 Qd3 29. Re3 Qf5 30. Nd5 Kh8 31. Nxc7 Qc8 32. Ne8 Qxc6 33. Qc3+ Kh7 34. Qd3+ Kh8 35. Nf6 Kg7 36. Rf3 1-0

[Event "Olympiad Women-39"]
[Site "Khanty-Mansiysk"]
[Date "2010.09.28"]
[Round "7.30"]
[White "Houska, Jovanka"]
[Black "Mazariegos, Silvia Carolina"]
[Result "1-0"]
[WhiteElo "2426"]
[BlackElo "2086"]
[PlyCount "109"]
[EventDate "2010.09.21"]
[EventType "team-swiss"]
[EventRounds "11"]
[EventCountry "RUS"]
[SourceTitle "CBM 139"]
[Source "ChessBase"]
[SourceDate "2010.11.18"]
[SourceVersion "1"]
[SourceVersionDate "2010.11.18"]
[SourceQuality "1"]
[WhiteTeam "England (W)"]
[BlackTeam "Guatemala (W)"]
[WhiteTeamCountry "ENG"]
[BlackTeamCountry "GUA"]

1. d4 d6 2. Nf3 Nc6 3. e4 e5 4. dxe5 dxe5 5. Qxd8+ Kxd8 6. Bc4 Be6 7. Bxe6 fxe6 8. Be3 Nf6 9. Nbd2 Ng4 10. Bg5+ Be7 11. h3 Nf6 12. 0-0-0 Ke8 13. Be3 Bd6 14. Ne1 Nd7 15. Nd3 Nb4 16. Nc4 Be7 17. c3 Nc6 18. a4 b6 19. b4 a6 20. Kb2 Bf6 21. Ra1 a5 22. b5 Ne7 23. Rad1 Rd8 24. f4 Ng6 25. f5 exf5 26. exf5 Ne7 27. g4 Nd5 28. Bd2 e4 29. Rde1 Kf7 30. Rxe4 Nb4 31. Nxb4 axb4 32. Re2 Nc5 33. Kc2 bxc3 34. Bxc3 Bxc3 35. Kxc3 Nxa4+ 36. Kb4 Rd4 37. Rhe1 Rhd8 38. Re7+ Kf8 39. Rxc7 Nb2 40. Kb3 Nd3 41. Ree7 Nc5+ 42. Kb4 Nd3+ 43. Kc3 Nf4 44. Rf7+ Kg8 45. Rxg7+ Kf8 46. Rcf7+ Ke8 47. Ne5 Ne2+ 48. Kb3 Nc1+ 49. Kc2 Rc8+ 50. Rc7 Rxc7+ 51. Rxc7 Ne2 52. f6 Rf4 53. Re7+ Kf8 54. Nd7+ Kg8 55. Rxe2 1-0

[Event "Olympiad Women-39"]
[Site "Khanty-Mansiysk"]
[Date "2010.09.27"]
[Round "6.31"]
[White "Mazariegos, Silvia Carolina"]
[Black "Vargas, Gabriela"]
[Result "1/2-1/2"]
[WhiteElo "2086"]
[BlackElo "2085"]
[PlyCount "83"]
[EventDate "2010.09.21"]
[EventType "team-swiss"]
[EventRounds "11"]
[EventCountry "RUS"]
[SourceTitle "CBM 139"]
[Source "ChessBase"]
[SourceDate "2010.11.18"]
[SourceVersion "1"]
[SourceVersionDate "2010.11.18"]
[SourceQuality "1"]
[WhiteTeam "Guatemala (W)"]
[BlackTeam "Paraguay (W)"]
[WhiteTeamCountry "GUA"]
[BlackTeamCountry "PAR"]

1. e4 e6 2. d3 d5 3. Nd2 Nf6 4. Ngf3 Bc5 5. Be2 dxe4 6. Nxe4 Nxe4 7. dxe4 Qxd1+ 8. Bxd1 Nc6 9. c3 a5 10. Ba4 Bd7 11. 0-0 0-0 12. Bf4 Bb6 13. Bc2 f6 14. Rad1 Bc8 15. e5 g5 16. Bg3 g4 17. Nd2 f5 18. Bf4 Bc5 19. Nb3 Bb6 20. a4 Kf7 21. Rd2 Rd8 22. Re2 Bd7 23. Nd2 Ne7 24. Bb3 Bc6 25. Be3 Ng6 26. Bg5 h5 27. Rfe1 Rh8 28. Kf1 h4 29. Nc4 f4 30. Nxb6 cxb6 31. Rd2 Rh5 32. Bf6 g3 33. h3 gxf2 34. Kxf2 f3 35. gxf3 Rf5 36. Bd1 Nf4 37. Rh1 Rg8 38. Rh2 Rg3 39. Bxh4 Rxh3 40. Rxh3 Nxh3+ 41. Kg3 Ng5 42. Bxg5 1/2-1/2